000 00501nam a2200193Ia 4500
005 20240828070910.0
008 240331s9999 xx 000 0 und d
020 _a0415106451
082 _bASO
_a792.082
100 _a
245 2 _aA sourcebook of feminist theatre and performance :
_bOn and beyond the stage
260 _aNew York
_bRoutledge
_c1996
300 _axix, 311 p .,
650 _aFeminist Theatre
650 _aGender
650 _aArts
700 _aMartin, C.
_eedt
942 _cL
999 _c3074
_d3074